000 00387nam a2200157Ia 4500
003 Ost
005 20260225132558.0
008 260225s9999||||xx |||||||||||||| ||und||
040 _cfsic
041 _afre
082 _a302.23
100 _achristien baylon et exavier mignot
_eAuteur
245 0 _ala communication /
245 0 _cchristien baylon et exavier mignot
942 _cكتاب
999 _c34597
_d34597